zpět

Detail výsledku týmu

Na Ostrově, Havlíčkův Brod

Datum a čas kvízu

21.5 Celkem bodů Celkový počet nahraných bodů na tomto kvízu bez doplňovacích otázek.
4. Pořadí na kvízu Konečné umístění týmu na tomto kvízu.

Zaznamenané odpovědi

# Otázka Odpověď Body Výsledky
1. Minulý týden se v pražských Z... Bolt 0
2. Švýcarský výrobce nožů Victori... nebude obsahovat nožík/čepel 0
3. Pod kterým pseudonymem působí... Nemo 0
4. Objem daňových nedoplatků za l... Česká správa sociálního zabezpečení 0
5. Po dvanáctidenní plavbě dovezl... Marseille 1
6. Podíváme se do zemí či krajů,... Muž z Acapulca 0
7. Ve filmu Tři veteráni ztvárnil... B 0
8. Brobdingnag, Laputa, Balnibarb... Gulliverovy cesty 1
9. Přiřaďte tyto postavy z knižní... 1C 2A 3D 4B 1
10. Děj které humoristické novely... Rozmarné léto 1